000 00682nam a22002177a 4500
999 _c2972
_d2972
001 2972
003 BD-JhCC
005 20200213134007.0
008 171108s1964 bg |||| |||| 000 0 mul d
035 _a(BD-JhCC)2972
040 _aBD-JhCC
_dBD-JhCC
041 _aBengali,English and Arabic
082 _a492.70711
_bOBA 1964
100 _aObaidullah, Moulvi A. T. Md.
245 _aপ্রাথমিক আরবী ব্যাকরণ /
_cMoulvi A. T. Md. Obaidullah
260 _aঢাকা:
_bThe Islamia Library,
_c১৯৬৪.
300 _a১১৯ পৃ. :
_c১৯ সেমি.
650 _aArabic Language
_xGrammar
942 _2ddc
_cBK
_02